[Event "XVII Orsha-2019 Open"]
[Site "Orsha"]
[Date "2019.01.20"]
[Round "5.30"]
[White "Dolgopyatov, Andrey"]
[Black "Ivanov, Igor"]
[Result "1-0"]
[WhiteElo "1393"]
[BlackElo "2131"]
[PlyCount "71"]
[EventDate "2019.01.18"]
[EventType "swiss"]
[EventCountry "BLR"]
[TimeControl "5400+30"]

1. d4 Nf6 2. Nf3 g6 3. Bg5 Bg7 4. Nbd2 O-O 5. e4 d6 6. c3 b6 7. Bd3 Bb7 8. h3 c5 9. d5 Nbd7 10. O-O Qc7 11. Re1 a6 12. Nf1 b5 13. Qd2 Nb6 14. Ng3 Rfe8 15. h4 h5 16. Bh6 Bh8 17. Qg5 Nh7 18. Qd2 Nd7 19. Ng5 Ndf6 20. Qf4 Nxg5 21. Qxg5 Nh7 22. Qf4 e5 23. dxe6 Rxe6 24. Rad1 Rae8 25. Nxh5 gxh5 26. e5 Nf8 27. Qg5+ Ng6 28. f4 Bg7 29. Bxg7 Kxg7 30. f5 Rxe5 31. f6+ Kh7 32. Rxe5 Rxe5 33. Bf5 Qd8 34. Bxg6+ fxg6 35. Qxe5 d5 36. Qe7+ 1-0

[Event "XVII Orsha-2019 Open"]
[Site "Orsha"]
[Date "2019.01.20"]
[Round "5.31"]
[White "Sychou, Dzmitry"]
[Black "Sukalina, Alina"]
[Result "0-1"]
[WhiteElo "1847"]
[BlackElo "1546"]
[PlyCount "62"]
[EventDate "2019.01.18"]
[EventType "swiss"]
[EventCountry "BLR"]
[TimeControl "5400+30"]

1. c4 e6 2. g3 d5 3. Bg2 Nf6 4. Nf3 c6 5. b3 Bd6 6. Bb2 Nbd7 7. O-O b6 8. d3 Bb7 9. Nbd2 e5 10. cxd5 cxd5 11. d4 e4 12. Ne5 O-O 13. h3 Re8 14. Nxd7 Qxd7 15. e3 Ba6 16. Re1 Rac8 17. Kh2 Bd3 18. Bf1 Rc2 19. Bc1 Bb4 20. a3 Bc3 21. Rb1 Rc8 22. Kg2 Ra2 23. Bxd3 exd3 24. Rf1 Bxd2 25. Bxd2 Rcc2 26. Bb4 a5 27. Bxa5 bxa5 28. Qxd3 Ne4 29. Rbc1 Rxf2+ 30. Rxf2 Rxf2+ 31. Kg1 Qxh3 0-1

[Event "XVII Orsha-2019 Open"]
[Site "Orsha"]
[Date "2019.01.20"]
[Round "5.32"]
[White "Simonian, Anna"]
[Black "Volchkov, Ivan"]
[Result "0-1"]
[WhiteElo "1289"]
[BlackElo "1685"]
[PlyCount "72"]
[EventDate "2019.01.18"]
[EventType "swiss"]
[EventCountry "BLR"]
[TimeControl "5400+30"]

1. e4 c5 2. Nf3 Nc6 3. d4 cxd4 4. Nxd4 g6 5. Nc3 Bg7 6. Be3 Nf6 7. f3 O-O 8. Qd2 d5 9. exd5 Nxd5 10. Nxd5 Qxd5 11. Nxc6 Qxc6 12. O-O-O Be6 13. Kb1 a5 14. h4 h5 15. Be2 Rac8 16. g4 hxg4 17. fxg4 Qa4 18. a3 Bxg4 19. Bxg4 Qxg4 20. Rdg1 Qe4 21. h5 Rfd8 22. Qf2 Qe5 23. c3 Rxc3 24. hxg6 Qe4+ 25. Ka2 Qc4+ 26. Kb1 Qe4+ 27. Ka2 Qe6+ 28. Kb1 Qe4+ 29. Ka2 Qc4+ 30. Kb1 Qd3+ 31. Ka2 Rxa3+ 32. bxa3 Qc4+ 33. Kb1 Qb3+ 34. Kc1 Qxa3+ 35. Kb1 Qa1+ 36. Kc2 Qb2# 0-1

[Event "XVII Orsha-2019 Open"]
[Site "Orsha"]
[Date "2019.01.20"]
[Round "5.33"]
[White "Poghosyan, Sarmen"]
[Black "Elkin, Leonid"]
[Result "0-1"]
[WhiteElo "1361"]
[BlackElo "2085"]
[PlyCount "88"]
[EventDate "2019.01.18"]
[EventType "swiss"]
[EventCountry "BLR"]
[TimeControl "5400+30"]

1. e4 c5 2. Ne2 d6 3. g3 g6 4. Bg2 Bg7 5. O-O Nc6 6. c3 e5 7. d3 Nge7 8. f4 O-O 9. Be3 Qb6 10. Nd2 Bg4 11. Nc4 Qc7 12. h3 Be6 13. fxe5 Nxe5 14. Nxe5 dxe5 15. Rc1 Rfd8 16. Kh2 Rd7 17. d4 Bxa2 18. Qa4 Be6 19. d5 Nxd5 20. exd5 Bxd5 21. Rfd1 Rad8 22. Bxd5 Rxd5 23. Rxd5 Rxd5 24. Qxa7 c4 25. Re1 h5 26. Qa4 b5 27. Qa8+ Rd8 28. Qe4 f5 29. Qc2 Bf6 30. g4 hxg4 31. hxg4 Qh7+ 32. Kg2 Qh4 33. Ng3 Qxg4 34. Qe2 Qxe2+ 35. Rxe2 Rd3 36. Bb6 f4 37. Rf2 Rxg3+ 38. Kh2 g5 39. Bc7 Kf7 40. Rd2 Rd3 41. Rg2 e4 42. Re2 e3 43. Kg2 Rd2 44. Kf3 g4+ 0-1

[Event "XVII Orsha-2019 Open"]
[Site "Orsha"]
[Date "2019.01.20"]
[Round "5.34"]
[White "Bialiauski, Artsiom"]
[Black "Vlasov, Andrey"]
[Result "1-0"]
[WhiteElo "1914"]
[BlackElo "2316"]
[PlyCount "55"]
[EventDate "2019.01.18"]
[EventType "swiss"]
[EventCountry "BLR"]
[TimeControl "5400+30"]

1. d4 d5 2. Nc3 c6 3. Nf3 Nf6 4. Bf4 Bg4 5. e3 e6 6. Qd2 Nbd7 7. Be2 Bb4 8. Bd3 O-O 9. a3 Be7 10. h3 Bxf3 11. gxf3 c5 12. O-O Nh5 13. Bh2 cxd4 14. exd4 Bh4 15. Kh1 Qf6 16. f4 g6 17. Ne2 Rfc8 18. c3 Kh8 19. Rae1 Qe7 20. Ng1 Re8 21. Nf3 a6 22. f5 Ng7 23. fxg6 fxg6 24. Qh6 Nf5 25. Bxf5 gxf5 26. Qxh4 Nf6 27. Be5 Rf8 28. Ng5 1-0

[Event "XVII Orsha-2019 Open"]
[Site "Orsha"]
[Date "2019.01.20"]
[Round "5.35"]
[White "Petrosyan, Sahak"]
[Black "Gabdrakipov, Kirill"]
[Result "1-0"]
[WhiteElo "1835"]
[BlackElo "1901"]
[PlyCount "77"]
[EventDate "2019.01.18"]
[EventType "swiss"]
[EventCountry "BLR"]
[TimeControl "5400+30"]

1. e4 e5 2. Nf3 Nc6 3. Bb5 a6 4. Ba4 Nf6 5. d3 b5 6. Bb3 d6 7. Ng5 d5 8. exd5 Nd4 9. c4 Bf5 10. Nc3 Bb4 11. O-O Bxc3 12. bxc3 Nxb3 13. axb3 O-O 14. Re1 Re8 15. Ba3 bxc4 16. dxc4 h6 17. Nf3 Bg4 18. h3 Bh5 19. g4 e4 20. gxh5 exf3 21. Qxf3 Rb8 22. Bc5 Rxb3 23. Bd4 Nh7 24. Kh1 Ng5 25. Qg3 f6 26. Rg1 Qe7 27. h4 Ne4 28. Qf4 Qd7 29. Qf3 c6 30. Rg4 cxd5 31. Rag1 Re7 32. Bxf6 Nxf6 33. Qxf6 dxc4 34. R1g2 Rf7 35. Qe5 Rb5 36. Qe4 Qc7 37. Rg6 Re5 38. Qa8+ Kh7 39. Rxh6+ 1-0

[Event "XVII Orsha-2019 Open"]
[Site "Orsha"]
[Date "2019.01.20"]
[Round "5.36"]
[White "Kolosovskaya, Olga"]
[Black "Masterova, Daria"]
[Result "1-0"]
[WhiteElo "1855"]
[BlackElo "1500"]
[PlyCount "47"]
[EventDate "2019.01.18"]
[EventType "swiss"]
[EventCountry "BLR"]
[TimeControl "5400+30"]

1. d4 d5 2. c4 c6 3. Nf3 Nf6 4. e3 Nbd7 5. Bd3 g6 6. O-O Bg7 7. cxd5 cxd5 8. Nc3 O-O 9. Qb3 Nb6 10. Bd2 Be6 11. Ng5 Qc8 12. Rfc1 Qd7 13. Nxe6 Qxe6 14. Nb5 Ne8 15. Ba5 Nd7 16. Nc3 b6 17. Bb4 Nc7 18. Ne2 Rac8 19. Nf4 Qf6 20. Rxc7 Rxc7 21. Nxd5 Qg5 22. Nxc7 Rc8 23. Nd5 e6 24. Ne7+ 1-0

[Event "XVII Orsha-2019 Open"]
[Site "Orsha"]
[Date "2019.01.20"]
[Round "5.37"]
[White "Sokolov, Sergey"]
[Black "Shaban, Aliaksandra"]
[Result "1-0"]
[WhiteElo "1756"]
[BlackElo "1482"]
[PlyCount "51"]
[EventDate "2019.01.18"]
[EventType "swiss"]
[EventCountry "BLR"]
[TimeControl "5400+30"]

1. d4 d5 2. Bf4 c5 3. e3 e6 4. Nf3 Qb6 5. Qc1 Nc6 6. c3 Nf6 7. h3 Bd7 8. Be2 Rc8 9. O-O Be7 10. Nbd2 cxd4 11. exd4 a6 12. Re1 O-O 13. Bd3 Nb4 14. Bb1 Bb5 15. Ne5 Nc6 16. Ndf3 a5 17. Qc2 Qa6 18. Nd7 Rfd8 19. Nxf6+ Bxf6 20. Qxh7+ Kf8 21. Bg5 Ne7 22. Qh8+ Ng8 23. Bh7 Bxg5 24. Nxg5 Ke7 25. Qxg7 Kd6 26. Nxf7+ 1-0

[Event "XVII Orsha-2019 Open"]
[Site "Orsha"]
[Date "2019.01.20"]
[Round "5.38"]
[White "Loshakov, Dmitry"]
[Black "Platnitski, Siarhei"]
[Result "1-0"]
[WhiteElo "1852"]
[BlackElo "1383"]
[PlyCount "157"]
[EventDate "2019.01.18"]
[EventType "swiss"]
[EventCountry "BLR"]
[TimeControl "5400+30"]

1. d4 Nf6 2. Nf3 g6 3. Bg5 Bg7 4. Nbd2 h6 5. Bh4 O-O 6. e3 d6 7. Bd3 c5 8. c3 Nbd7 9. O-O a6 10. a4 Rb8 11. Qe2 Re8 12. b4 cxb4 13. cxb4 Nf8 14. b5 a5 15. Rac1 Be6 16. Rc2 Rc8 17. Rfc1 Qd7 18. Nc4 Bxc4 19. Bxc4 Ne6 20. Nd2 d5 21. Bb3 Rxc2 22. Rxc2 g5 23. Bg3 Rc8 24. Qd1 Qd8 25. Be5 Rxc2 26. Qxc2 Nh5 27. Bxg7 Nhxg7 28. Qa2 Nc7 29. b6 Nce6 30. Bxd5 Qxb6 31. Qb3 Qxb3 32. Nxb3 b6 33. Nd2 Nc7 34. Bc6 Nge6 35. Nc4 Nd8 36. Bf3 b5 37. axb5 Nxb5 38. Nxa5 Kg7 39. Kf1 Nd6 40. Ke2 Kf6 41. Kd3 Ke6 42. e4 f6 43. Bg4+ Kf7 44. Bh5+ Ke6 45. Nb3 Kd7 46. Nc5+ Kc7 47. e5 fxe5 48. dxe5 N6b7 49. Nxb7 Kxb7 50. Ke4 e6 51. f4 gxf4 52. Kxf4 Kc7 53. Be8 Nb7 54. Kg4 Kd8 55. Bb5 Ke7 56. Kh5 Nd8 57. Kxh6 Nf7+ 58. Kg7 Nxe5 59. h4 Nf7 60. h5 e5 61. h6 e4 62. h7 e3 63. h8=Q Nxh8 64. Kxh8 Kf6 65. Be2 Kg5 66. g4 Kh6 67. Kg8 Kg6 68. Kf8 Kf6 69. Ke8 Ke6 70. Kd8 Kd6 71. Kc8 Kc6 72. Kb8 Kd6 73. Kb7 Kd7 74. Kb6 Kd6 75. Kb5 Kd5 76. Kb4 Kd4 77. Kb3 Kd5 78. Kc3 Ke4 79. Kc4 1-0

[Event "XVII Orsha-2019 Open"]
[Site "Orsha"]
[Date "2019.01.20"]
[Round "5.40"]
[White "Kulikov, Egor"]
[Black "Borodulin, Pavel"]
[Result "0-1"]
[WhiteElo "1557"]
[BlackElo "1481"]
[PlyCount "96"]
[EventDate "2019.01.18"]
[EventType "swiss"]
[EventCountry "BLR"]
[TimeControl "5400+30"]

1. e4 c5 2. c3 d6 3. d4 cxd4 4. cxd4 Nf6 5. Nc3 g6 6. Nf3 Bg7 7. Bc4 O-O 8. O-O Nc6 9. Be3 Bg4 10. Be2 Rc8 11. h3 Bxf3 12. Bxf3 a6 13. Qd2 b5 14. Rac1 e6 15. Ne2 Qd7 16. Bh6 Bxh6 17. Qxh6 Nb4 18. Qd2 Nc6 19. b4 Rfd8 20. a3 Qe7 21. Qg5 Nd7 22. Qxe7 Nxe7 23. Rxc8 Rxc8 24. Rc1 Rxc1+ 25. Nxc1 Nb6 26. Be2 Nc6 27. Nb3 Nc4 28. Bxc4 bxc4 29. Nd2 c3 30. Nb3 c2 31. d5 Ne5 32. Nc1 exd5 33. exd5 Nc4 34. Kf1 Nxa3 35. Ke2 Kg7 36. Kd3 Kf6 37. Kc3 Ke5 38. Kb3 Nb5 39. Kxc2 Kxd5 40. Kb3 Nd4+ 41. Kc3 g5 42. f3 h5 43. Kd3 f5 44. Na2 h4 45. Nc3+ Ke5 46. Kc4 Nc2 47. Nd1 Kf4 48. Kd3 Nxb4+ 0-1

[Event "XVII Orsha-2019 Open"]
[Site "Orsha"]
[Date "2019.01.21"]
[Round "6"]
[White "Moskalenko, Alexander"]
[Black "Zabotin, Alexander"]
[Result "1-0"]
[WhiteElo "2517"]
[BlackElo "2484"]
[Annotator "ChessBase"]
[PlyCount "235"]
[EventDate "2019.01.18"]
[EventType "swiss"]
[EventCountry "BLR"]
[SourceTitle "playchess.com"]
[Source "ChessBase"]
[SourceQuality "1"]
[TimeControl "5400+30"]

1. Nf3 {[%emt 0:14:05]} Nf6 {[%emt 0:00:00]} 2. c4 {[%emt 0:00:18]} e6 {[%emt 0:00:00]} 3. g3 {[%emt 0:01:40]} b6 {[%emt 0:00:30]} 4. Bg2 {[%emt 0:00:12]} Bb7 {[%emt 0:00:05]} 5. O-O {[%emt 0:01:26]} c5 {[%emt 0:01:43]} 6. b3 {[%emt 0:03:03]} Be7 {[%emt 0:00:25]} 7. Bb2 {[%emt 0:00:03]} O-O {[%emt 0:00:10]} 8. Nc3 {[%emt 0:00:25]} d5 {[%emt 0:09:07]} 9. e3 {[%emt 0:00:05]} Nc6 {[%emt 0:01:26]} 10. cxd5 {[%emt 0:00:06]} Nxd5 {[%emt 0:03:15]} 11. Nxd5 {[%emt 0:01:01]} Qxd5 {[%emt 0:14:48]} 12. d4 {[%emt 0:00:07]} Qd8 {[%emt 0:17:12]} 13. dxc5 {[%emt 0:08:29]} Bxc5 {[%emt 0:03:36]} 14. Ne5 {[%emt 0:00:12]} Nxe5 {[%emt 0:00:24]} 15. Bxb7 {[%emt 0:00:08]} Rb8 {[%emt 0:00:16]} 16. Be4 {[%emt 0:00:10]} Nd7 {[%emt 0:05:46]} 17. b4 {[%emt 0:06:41]} Be7 {[%emt 0:01:16]} 18. Qa4 {[%emt 0:00:58]} Bf6 {[%emt 0:04:04]} 19. Rad1 {[%emt 0:00:42]} Bxb2 {[%emt 0:00:34]} 20. Rxd7 {[%emt 0:00:22]} Qf6 {[%emt 0:00:42]} 21. Qxa7 {[%emt 0:02:05]} Qc3 {[%emt 0:04:48]} 22. b5 {[%emt 0:01:23]} Qe5 {[%emt 0:00:31]} 23. Bc6 {[%emt 0:00:16]} Bc3 {[%emt 0:00:25]} 24. Qa3 {[%emt 0:04:40]} Rbd8 {[%emt 0:02:29]} 25. Rfd1 {[%emt 0:06:42]} Rxd7 {[%emt 0:00:05]} 26. Rxd7 {[%emt 0:00:03]} Qf6 {[%emt 0:00:29]} 27. Qc1 {[%emt 0:03:58]} g6 {[%emt 0:02:09]} 28. Kg2 {[%emt 0:00:56]} Ba5 {[%emt 0:01:06]} 29. Qd1 {[%emt 0:00:07]} h5 {[%emt 0:01:05]} 30. h3 {[%emt 0:00:38]} Qc3 {[%emt 0:00:39]} 31. Be4 {[%emt 0:06:39]} Qf6 {[%emt 0:01:20]} 32. Qd6 {[%emt 0:01:09]} Be1 {[%emt 0:00:54]} 33. Qf4 {[%emt 0:00:41]} Kg7 {[%emt 0:03:54]} 34. Qxf6+ {[%emt 0:02:46]} Kxf6 {[%emt 0:00:03]} 35. a3 {[%emt 0:01:20]} g5 {[%emt 0:00:57]} 36. Kf1 {[%emt 0:02:57]} Ba5 {[%emt 0:00:04]} 37. Ke2 {[%emt 0:00:49]} h4 {[%emt 0:02:31]} 38. gxh4 {[%emt 0:00:27]} gxh4 {[%emt 0:00:05]} 39. Bf3 {[%emt 0:03:08]} Kg5 {[%emt 0:01:44]} 40. Re7 {[%emt 0:03:57]} Kf6 {[%emt 0:00:14]} 41. Rc7 {[%emt 0:00:58]} Kg5 {[%emt 0:00:03]} 42. Rd7 {[%emt 0:01:29]} Kg6 {[%emt 0:00:30]} 43. Bc6 {[%emt 0:01:11]} Kf6 {[%emt 0:02:56]} 44. Kf3 {[%emt 0:00:38]} Rg8 {[%emt 0:00:06]} 45. Rb7 {[%emt 0:00:13]} Rd8 {[%emt 0:01:15]} 46. Kg4 {[%emt 0:00:53]} Rg8+ {[%emt 0:00:04]} 47. Kf3 {[%emt 0:00:06]} Rd8 {[%emt 0:00:04]} 48. Ra7 {[%emt 0:00:35]} Rg8 {[%emt 0:00:10]} 49. Rd7 {[%emt 0:00:18]} Rg5 {[%emt 0:03:31]} 50. Rd4 {[%emt 0:01:04]} Rf5+ {[%emt 0:00:04]} 51. Ke2 {[%emt 0:00:04]} Rh5 {[%emt 0:00:03]} 52. Ra4 {[%emt 0:02:54]} Ke7 {[%emt 0:01:02]} 53. Rg4 {[%emt 0:01:03]} Kf6 {[%emt 0:01:16]} 54. a4 {[%emt 0:03:35]} Rh8 {[%emt 0:02:24]} 55. Rc4 {[%emt 0:00:21]} Rh5 {[%emt 0:01:22]} 56. Bf3 {[%emt 0:00:13]} Rh8 {[%emt 0:00:17]} 57. Bb7 {[%emt 0:00:01]} Ke5 {[%emt 0:00:54]} 58. Rc7 {[%emt 0:02:24]} Kf6 {[%emt 0:00:22]} 59. Bc6 {[%emt 0:00:14]} Rg8 {[%emt 0:00:27]} 60. Rb7 {[%emt 0:00:46]} Rf8 {[%emt 0:00:26]} 61. Kf3 {[%emt 0:01:27]} Rh8 {[%emt 0:00:10]} 62. Ke4 {[%emt 0:00:27]} Rd8 {[%emt 0:00:59]} 63. Kf4 {[%emt 0:00:05]} Rg8 {[%emt 0:01:41]} 64. Ke4 {[%emt 0:03:27]} Rd8 {[%emt 0:00:10]} 65. Kf3 {[%emt 0:00:01]} Rg8 {[%emt 0:00:12]} 66. Rd7 {[%emt 0:00:02]} Bc3 {[%emt 0:00:54]} 67. Ke2 {[%emt 0:00:48]} Ba5 {[%emt 0:00:08]} 68. Bf3 {[%emt 0:02:18]} Kg6 {[%emt 0:02:06]} 69. Rc7 {[%emt 0:00:23]} Rd8 {[%emt 0:00:14]} 70. Rc4 {[%emt 0:00:09]} Rh8 {[%emt 0:00:05]} 71. Rf4 {[%emt 0:00:25]} Kg7 {[%emt 0:00:33]} 72. Be4 {[%emt 0:00:34]} Rh6 {[%emt 0:01:57]} 73. Rg4+ {[%emt 0:00:20]} Kf8 {[%emt 0:00:09]} 74. Bc6 {[%emt 0:00:14]} Rh8 {[%emt 0:00:35]} 75. Rg5 {[%emt 0:03:46]} Ke7 {[%emt 0:00:09]} 76. Kf3 {[%emt 0:01:36]} Be1 {[%emt 0:00:26]} 77. Rg4 {[%emt 0:00:11]} Rh5 {[%emt 0:01:21]} 78. Rd4 {[%emt 0:02:09]} Kf6 {[%emt 0:01:07]} 79. Ke2 {[%emt 0:00:15]} Ba5 {[%emt 0:00:07]} 80. Rd8 {[%emt 0:00:23]} Rc5 {[%emt 0:03:14]} 81. Rd4 {[%emt 0:00:12]} Rh5 {[%emt 0:00:14]} 82. f4 {[%emt 0:00:50]} Rc5 {[%emt 0:03:00]} 83. Rd7 {[%emt 0:01:18]} Kg7 {[%emt 0:01:18]} 84. Ra7 {[%emt 0:00:32]} Kf8 {[%emt 0:00:04]} 85. Kd3 {[%emt 0:00:34]} Rc1 {[%emt 0:01:27]} 86. Ke4 {[%emt 0:02:52]} Rc5 {[%emt 0:00:28]} 87. Kd4 {[%emt 0:01:10]} Bc3+ {[%emt 0:00:03]} 88. Ke4 {[%emt 0:00:40]} Bb4 {[%emt 0:00:14]} 89. Rb7 {[%emt 0:01:17]} Ba5 {[%emt 0:00:11]} 90. Kf3 {[%emt 0:00:17]} Rc4 {[%emt 0:00:43]} 91. f5 {[%emt 0:00:11]} exf5 {[%emt 0:01:14]} 92. Bd5 {[%emt 0:00:04]} Rxa4 {[%emt 0:00:08]} 93. Rxf7+ {[%emt 0:00:07]} Ke8 {[%emt 0:00:04]} 94. Rxf5 {[%emt 0:00:11]} Ra3 {[%emt 0:00:46]} 95. Rh5 {[%emt 0:00:02]} Bd2 {[%emt 0:01:03]} 96. Ke2 {[%emt 0:00:01]} Bc1 {[%emt 0:00:08]} 97. Re5+ {[%emt 0:00:56]} Kd7 {[%emt 0:00:06]} 98. Re6 {[%emt 0:00:07]} Rc3 {[%emt 0:00:33]} 99. e4 {[%emt 0:00:39]} Rxh3 {[%emt 0:01:02]} 100. Rxb6 {[%emt 0:00:06]} Rc3 {[%emt 0:00:42]} 101. Rb7+ {[%emt 0:01:22]} Kd6 {[%emt 0:01:09]} 102. b6 {[%emt 0:01:55]} h3 {[%emt 0:00:48]} 103. Rf7 {[%emt 0:01:31]} h2 {[%emt 0:00:56]} 104. b7 {[%emt 0:00:50]} Rc2+ {[%emt 0:00:18]} 105. Kd1 {[%emt 0:00:33]} h1=Q+ {[%emt 0:00:47]} 106. Kxc2 {[%emt 0:00:03]} Qh8 {[%emt 0:00:12]} 107. Kxc1 {[%emt 0:00:12]} Ke5 {[%emt 0:00:32]} 108. Rc7 {[%emt 0:01:25]} Qh6+ {[%emt 0:00:20]} 109. Kc2 {[%emt 0:00:10]} Qb6 {[%emt 0:00:42]} 110. Rc8 {[%emt 0:00:25]} Qf2+ {[%emt 0:00:06]} 111. Kb3 {[%emt 0:00:27]} Qb6+ {[%emt 0:00:15]} 112. Kc4 {[%emt 0:00:03]} Qa6+ {[%emt 0:00:14]} 113. Kc5 {[%emt 0:00:10]} Qa5+ {[%emt 0:00:06]} 114. Kc6 {[%emt 0:00:04]} Qc3+ {[%emt 0:02:01]} 115. Kd7 {[%emt 0:00:03]} Qh3+ {[%emt 0:00:03]} 116. Kc7 {[%emt 0:01:04]} Qc3+ {[%emt 0:00:32]} 117. Kd8 {[%emt 0:00:21]} Qa5+ {[%emt 0:00:05]} 118. Ke8 {[%emt 0:00:19] Kxe4} 1-0

[Event "XVII Orsha-2019 Open"]
[Site "Orsha"]
[Date "2019.01.21"]
[Round "6"]
[White "Krylov, Ivan"]
[Black "Siniauski, Artsiom"]
[Result "1/2-1/2"]
[WhiteElo "2441"]
[BlackElo "2182"]
[Annotator "TA"]
[PlyCount "49"]
[EventDate "2019.01.18"]
[EventType "swiss"]
[EventCountry "BLR"]
[SourceTitle "playchess.com"]
[Source "ChessBase"]
[SourceQuality "1"]

{[%evp 9,49,-6,-17,0,-6,0,-2,-5,-13,-31,-18,-27,-7,-15,-13,-14,-12,-11,37,33,58,50,87,52,48,53,112,78,67,77,90,68,71,72,60,0,0,0,0,0,0,0]} 1. e4 e6 2. d4 {[%cal Bd2d4,Bd4c5][%mdl 32]} d5 3. Nd2 a6 4. e5 c5 5. dxc5 (5. c3 Nc6 6. Ngf3 cxd4 7. cxd4 Qb6 8. Bd3 Bd7 9. O-O Nb4 10. Be2 Rc8 11. Qb3 Bb5 12. Bxb5+ Qxb5 13. Ne1 Nh6 14. Ndf3 {1-0 (41) Vysochin,S (2550)-Dobrowolski,P (2426) Wroclaw 2012}) 5... Nc6 {[%cal Bb8c6,Bc6e5,Be5d3][%mdl 32]} 6. Ngf3 {C03: French Tarrasch: Unusual Black 3rd moves} Qc7 7. Nb3 Nxe5 8. Bf4 $146 ({Predecessor:} 8. Nxe5 Qxe5+ 9. Be2 Nh6 10. O-O Be7 11. Re1 Qf6 12. Bd3 e5 13. Bxh6 gxh6 {½-½ (28) Horspool,P (2008)-Walton,A (2155) Coventry 2013}) 8... Nd3+ 9. Bxd3 Qxf4 10. O-O Nf6 11. Qe2 Be7 12. c4 O-O 13. Rac1 Bd7 14. Ne5 $36 {[%mdl 2048] [#] g3 is the strong threat. Black is under pressure.} Ba4 15. g3 Qh6 16. cxd5 Bxb3 17. axb3 {Strongly threatening d6.} Nxd5 (17... exd5 $14 18. Rfe1 Qh3) 18. Ng4 Qh5 19. Be4 Kh8 20. Rfd1 {Black must now prevent Bxd5.} Rad8 {[#]} 21. Bf3 $1 Qf5 22. Qe4 ({Better is} 22. Ne5 $14) 22... Qxe4 $11 {The position is equal.} 23. Bxe4 f5 24. Bxd5 $1 fxg4 25. Bxe6 {Precision: White = 66%, Black = 63%.} 1/2-1/2

[Event "XVII Orsha-2019 Open"]
[Site "Orsha"]
[Date "2019.01.21"]
[Round "6"]
[White "Zarubitski, Viachaslau"]
[Black "Fedorov, Alexei"]
[Result "1/2-1/2"]
[WhiteElo "2415"]
[BlackElo "2557"]
[Annotator "TA"]
[PlyCount "52"]
[EventDate "2019.01.18"]
[EventType "swiss"]
[EventCountry "BLR"]
[SourceTitle "playchess.com"]
[Source "ChessBase"]
[SourceQuality "1"]

{[%evp 16,52,44,5,10,23,20,32,23,12,18,5,12,19,9,12,10,6,8,0,3,0,25,23,40,11,1,0,0,-2,20,0,-3,0,24,0,0,0,25]} 1. e4 c5 2. Nf3 e6 3. d4 cxd4 4. Nxd4 a6 5. c4 Nf6 {[%cal Bg8f6,Bf6e8,Be8d6][%mdl 32]} 6. Nc3 Bb4 7. Qd3 {B41: Sicilian: Kan Variation: 5 c4} O-O (7... Qc7 8. Nc2 Bc5 9. Be2 O-O 10. O-O Nc6 11. Kh1 d6 12. f4 Bd7 13. a3 Rad8 14. b4 Ba7 {½-½ (115) Karjakin,S (2782)-Caruana,F (2816) Paris 2018}) 8. e5 Ne8 9. a3 {LiveBook: 4 Games. White is slightly better.} Bxc3+ 10. Qxc3 d6 11. Nf3 $146 ({Predecessor:} 11. exd6 Nxd6 12. Be2 e5 13. Nc2 Nc6 14. Be3 Nf5 {½-½ (40) Bernotas,A (2408)-Quparadze,G (2495) Batumi 2018}) 11... dxe5 12. Nxe5 f6 13. Nd3 Nd6 14. Be2 Nf5 15. O-O Nc6 16. Rd1 Ncd4 17. Bf1 $1 e5 18. b4 b6 19. Be3 Bb7 20. Ne1 {[%cal Bd3e1,Be1c2,Bc2e3][%mdl 32]} (20. Nf4 $5) 20... Qe8 21. Bxd4 Nxd4 22. c5 Qc6 23. Qc4+ Kh8 24. Nc2 Nf5 25. Ne3 Nd4 26. Nc2 Nf5 {Precision: White = 70%, Black = 73%.} 1/2-1/2

[Event "XVII Orsha-2019 Open"]
[Site "Orsha"]
[Date "2019.01.21"]
[Round "6"]
[White "Grishchenko, Sergey"]
[Black "Silich, Yahor"]
[Result "1/2-1/2"]
[WhiteElo "2409"]
[BlackElo "2116"]
[Annotator "TA"]
[PlyCount "34"]
[EventDate "2019.01.18"]
[EventType "swiss"]
[EventCountry "BLR"]
[SourceTitle "playchess.com"]
[Source "ChessBase"]
[SourceQuality "1"]

{[%evp 18,34,63,42,72,-37,-34,-22,-19,-42,-43,-45,-39,-53,-54,-114,0,0,0]} 1. d4 Nf6 2. c4 d6 3. Nc3 Nbd7 4. Nf3 g6 5. e4 Bg7 6. Be2 O-O 7. O-O e5 8. Re1 c6 9. Bf1 h6 10. b3 {LiveBook: 5 Games. E95: King's Indian: Classical: 7...Nbd7 8 Re1} Nh7 11. Qd2 $146 (11. d5 $16) ({Predecessor:} 11. Bb2 Ng5 12. Nxg5 Qxg5 13. Ne2 b6 14. Qc1 Qe7 15. Qd2 Bb7 16. Rad1 Rad8 17. Ba3 exd4 18. Nxd4 {0-1 (46) Ramesa,D (2314)-Movsesian,S (2715) Sibenik 2011}) 11... Ng5 $1 $15 {[%cal Rg5f3]} 12. Nxg5 {[#] Hoping for Nf3.Black is slightly better.} exd4 13. Na4 {Threatens to win with Nf3.} hxg5 14. Qxg5 Bf6 15. Qg3 Ne5 {aiming for ...Bh4.} 16. c5 ({White should play} 16. Qf4 $15) 16... d3 ({Better is} 16... b5 $17 17. Nb2 dxc5) 17. Bb2 $11 Bh4 {Precision: White = 25%, Black = 63%.} 1/2-1/2